[Event "MOZ-ch (Women)"]
[Site "Maputo"]
[Date "2018.01.06"]
[Round "1"]
[White "De Castro, Neusa Aridas"]
[Black "Gaspar, Mariamo Joao"]
[Result "1-0"]
[WhiteElo "1463"]
[BlackElo "2079"]
[PlyCount "95"]
[EventDate "2018.01.06"]
[EventType "tourn"]
[EventRounds "7"]
[EventCountry "MOZ"]
[SourceTitle "EXT 2024"]
[Source "ChessBase"]
[SourceDate "2023.10.10"]
[SourceVersion "1"]
[SourceVersionDate "2023.10.10"]
[SourceQuality "1"]

1. e4 e5 2. Nf3 Nc6 3. Bc4 h6 4. Nc3 Nf6 5. 0-0 Bc5 6. d3 0-0 7. a3 d6 8. h3 a6 9. Ne2 b5 10. Ba2 Nd4 11. Ng3 Nxf3+ 12. Qxf3 Qe7 13. Be3 Bxe3 14. Qxe3 c5 15. f4 Ra7 16. fxe5 dxe5 17. Rf3 Rc7 18. Raf1 Rc6 19. Qe2 Be6 20. Bxe6 fxe6 21. Nh5 Rcc8 22. Nxf6+ Rxf6 23. Rxf6 gxf6 24. Qg4+ Kh7 25. Qf3 Rf8 26. Qe3 f5 27. exf5 exf5 28. Re1 Re8 29. c3 f4 30. Qe4+ Kh8 31. d4 f3 32. Qxe5+ Qxe5 33. Rxe5 Rg8 34. g4 cxd4 35. cxd4 Rf8 36. Kf2 Rf6 37. d5 Kg7 38. Re1 Rd6 39. Rd1 Rf6 40. d6 Rf8 41. d7 Rd8 42. Kxf3 Kf7 43. Kf4 Ke6 44. h4 Rf8+ 45. Ke4 Rd8 46. g5 h5 47. Kf4 Rf8+ 48. Ke4 1-0